Cruzada en jeans

Spremljeno u:
Bibliografski detalji
Glavni autor: Beckman, Thea (Autor)
Format: Knjiga
Jezik:španjolski
Izdano: Madrid SM 1995
Izdanje:18a. ed
Serija:Gran Angular, 29
Teme:
Oznake: Dodaj oznaku
Bez oznaka, Budi prvi tko označuje ovaj zapis!

MARC

LEADER 00000nam a2200000 a 4500
001 UCH4265
003 CL-VaPUC
008 090818e19950000SP |||||||||||||||||spa|d
020 |a 8434811391 
082 0 4 |a 832  |b BEC  |2 21 
100 0 |a Beckman, Thea  |e author  |9 539732 
245 1 0 |a Cruzada en jeans 
250 |a 18a. ed 
300 |a 239 p 
942 |c BK 
945 |d 20090818 00:00:00  |a ccalabra 
260 |a Madrid  |b SM  |c 1995 
650 0 |a Literatura alemana   |9 265457 
650 0 |a Novelas alemanas   |9 265783 
650 0 |a Escritores  |9 313723 
650 0 |a Narrativa  |9 336727 
650 0 |a Ficción   |9 376687 
650 0 |a Lectura  |9 307634 
651 0 |a Alemania  |9 255688 
583 |a last modification  |c 20130715 06:42:48  |k Rodrigo Vera 
490 0 |a Gran Angular, 29 
999 |c 335599  |d 335597